logo

Bir Sreshtho Munshi Abdur Rouf Library
Jhenaidah Cadet College

Understanding the new Elementary school mathematics : (Record no. 8861)

MARC details
000 -LEADER
fixed length control field 00771nam a22002532 4500
001 - CONTROL NUMBER
JCCL Control Number 8861
003 - CONTROL NUMBER IDENTIFIER
JCCL marc code BD - JhCC
005 - DATE AND TIME OF LATEST TRANSACTION
control field 20180714180443.0
008 - FIXED-LENGTH DATA ELEMENTS--GENERAL INFORMATION
fixed length control field 690919s1969 nju 001 0 eng
020 ## - INTERNATIONAL STANDARD BOOK NUMBER
International Standard Book Number 0132624109
035 ## - SYSTEM CONTROL NUMBER
system control number (BD - JhCC)8861
040 ## - CATALOGING SOURCE
Original cataloging agency DLC
Transcribing agency DLC
Modifying agency UKM
-- EQO
-- BD - JhCC
041 ## - LANGUAGE CODE
Language code of Book eng
050 0# - LIBRARY OF CONGRESS CALL NUMBER
Classification number QA154
Item number .M97
082 ## - DEWEY DECIMAL CLASSIFICATION NUMBER
Classification number 510
Author mark and Year MUE 1969
100 1# - MAIN ENTRY--PERSONAL NAME
Personal name Mueller, Francis J.
245 10 - TITLE STATEMENT
Title Understanding the new Elementary school mathematics :
Remainder of title a parent-teacher guide /
Statement of responsibility, etc [by] Francis J. Mueller.
260 ## - PUBLICATION, DISTRIBUTION, ETC. (IMPRINT)
Place of publication, distribution, etc Englewood Cliffs, N.J. :
Name of publisher, distributor, etc Dickenson publishing company, inc. ,
Date of publication, distribution, etc [1969]
300 ## - PHYSICAL DESCRIPTION
Pagination 164 p. :
Dimensions 25 cm.
650 #0 - SUBJECT ADDED ENTRY--TOPICAL TERM
Topical term or geographic name as entry element Mathematics--Study and teaching (Elementary)
650 #0 - SUBJECT ADDED ENTRY--TOPICAL TERM
Topical term or geographic name as entry element Mathematics-
942 ## - ADDED ENTRY ELEMENTS (KOHA)
Source of classification or shelving scheme Dewey Decimal Classification
Koha item type Books
Holdings
Source of classification or shelving scheme Damaged status Not for loan Home library Current library Shelving location Total Checkouts Full call number Barcode Date last seen Copy number Koha item type
Dewey Decimal Classification     JCC Rouf Library JCC Rouf Library General Stacks   510 MUE 1969 11881 03/05/2018 C - 1 Books

JCC Library | Contacts | JCC Home

Last Update on 23 September 2017
Copyright @ 2017-2020 JCC Rouf Library
Rouf Library, Jhenidah Cadet College (JCC), Bangladesh